|
|
|
|
| LEADER |
01012nam a22002417a 4500 |
| 001 |
AAL7976 |
| 003 |
BD-DhAAL |
| 005 |
20160219165552.0 |
| 008 |
160219m20112010bg ||||| |||| 00| 0 ben d |
| 020 |
|
|
|a 9848391088
|
| 040 |
|
|
|a BD-DhAAL
|c BD-DhAAL
|
| 082 |
|
|
|2 22
|a 320
|
| 100 |
|
|
|a সিদ্দিকী, জহুরুল আলম
|9 18063
|
| 245 |
|
|
|a প্লেটো /
|c জহুরুল আলম সিদ্দিকী
|
| 260 |
|
|
|a ঢাকা :
|b সাহিত্যিকা,
|c ২০১১
|
| 300 |
|
|
|a ৬৩ পৃ. ;
|c ২২ সে.মি.
|
| 541 |
|
|
|e 7976
|
| 650 |
|
|
|a Political science.
|9 18064
|
| 650 |
|
|
|a Justice.
|9 18065
|
| 942 |
|
|
|2 ddc
|c BK
|
| 999 |
|
|
|c 36888
|d 36888
|
| 952 |
|
|
|0 0
|1 0
|2 ddc
|4 0
|6 320_000000000000000_SID
|7 0
|9 58068
|a SCL
|b SCL
|c GEN
|d 2016-02-19
|g 100.00
|l 1
|o 320 SID
|p 3020007976
|r 2025-03-06
|s 2025-03-04
|t 1
|w 2016-02-19
|y BK
|
| 952 |
|
|
|0 0
|1 0
|2 ddc
|4 0
|6 320_000000000000000_SID
|7 0
|9 58069
|a SCL
|b SCL
|c GEN
|d 2016-02-19
|g 100.00
|l 0
|o 320 SID
|p 3020007977
|r 2016-02-19
|t 2
|w 2016-02-19
|y BK
|